000
00287nam a2200109Ia 4500
008
220120s9999||||xx |||||||||||||| ||und||
100
_a
Kotur, P.B
245
0
_a
Computer concepts and C programming
260
_a
Sapna book house
_b
New Delhi
_c
2005
300
_b
200
650
_a
MECHANICHAL
999
_c
132106
_d
132106